00649cam a2200205 i 4500999001500000001000500015003000900020005001700029008004100046020001500087040002800102082001600130245006300146260003800209300003000247650002200277710001800299942001200317952011400329 c3935d39356844BD-DhUAP20200315152018.0200315s1996 nyu 00| 0 eng  a0026351838 aDLCcDLCdBD-DhUAPbEng00223a425 WRI aWriter's choice :bgrammar and composition : lesson plans. aNew York :bMcGraaw-hill,cc1996. aviii, 158 pages ;c27 cm. aEngllish grammar. aMcGraaw-hill. 2ddccBK 00102ddc4070aUAPCLbUAPCLcGeneral Stacksd2020-03-15o425 WRIp3010006844r2020-03-15t1w2020-03-15yBK